000 00700nam a2200229Ia 4500
003 OSt
005 20220926014123.0
006 a|||||r|||| 00| 0
007 ta
008 220923b |||||||| |||| 00| 0 eng d
037 _cGeneral Book
040 _aRTL
_cRTL
_beng
041 _2eng
_aeng
082 _aX622.73.N2, G1
100 _aPhillips Chester Arthur
_9319807
245 0 _aBank credit
_b A study of the principles and factors underlying advances made by banks to borrowers
260 _aNew York
_bMacmillan Co.
_c1931
300 _a374p
_ccm.
650 _aBank
942 _hX622.73.N2, G1
_cGB
_2CC
999 _c627907
_d627907